000 00720nam a22002172 4500
001 0000021278
005 20151217145933.0
008 120307s xx 000 0 eng d
020 _a81315025997 :
040 _aKABU
_cKABU
100 1 _aAndrews, Jean.
_@0000182082
245 1 3 _aA+ Guide to managing and maintaining your PC /
_cJean Andrews.
250 _a1st ed.
260 _aNew Delhi :
_bCengage,
_c2007.
300 _alii, 1349 p. +
_e1 CD-ROM.
650 0 _aElectronic data processing personnel
_xCertification.
_@0000154258
650 0 _aComputer technicians
_xCertification
_xStudy guide.
_@0000156122
852 1 _9p5750 KES
908 _a120307
950 _@1
999 _c4272
_d4272